00517nam a2200109Ia 4500008004100000020001800041100009300059245016800152260002700320650001500347856004500362171212s9999 xx 000 0 und d a9780833059123 aPorche, Isaac R. III;Paul, Christopher;York, Michael;Serena, Chad C.;Sollinger, Jerry M. cPorche, Isaac R. III;Paul, Christopher;York, Michael;Serena, Chad C.;Sollinger, Jerry M.aRedefining Information Warfare Boundaries for an Army in a Wireless World bRAND Corporationc2013 aTechnology uwww.jstor.org/stable/10.7249/j.ctt3fh1qp